[Event "Oberliga Sued W 2122"]
[Site "Germany"]
[Date "2022.02.13"]
[Round "6.5"]
[White "Commercon, Simon"]
[Black "Schmidt, Reiner"]
[Result "1-0"]
[WhiteElo "2228"]
[BlackElo "2130"]
[PlyCount "39"]
[EventDate "2021.10.24"]
[EventType "team-tourn"]
[EventRounds "9"]
[EventCountry "GER"]
[SourceTitle "EXT 2023"]
[Source "ChessBase"]
[SourceDate "2022.10.05"]
[SourceVersion "1"]
[SourceVersionDate "2022.10.05"]
[SourceQuality "1"]
[WhiteTeam "Speyer Schwegenheim II"]
[BlackTeam "Altenkirchen"]
[WhiteTeamCountry "GER"]
[BlackTeamCountry "GER"]

1. d4 Nf6 2. c4 g6 3. g3 Bg7 4. Bg2 0-0 5. Nc3 d6 6. Nf3 Nbd7 7. 0-0 e5 8. e4 exd4 9. Nxd4 Re8 10. h3 a6 11. Be3 Rb8 12. b3 c5 13. Nde2 b5 14. Qxd6 b4 15. Na4 Nxe4 16. Bxe4 Rxe4 17. Rad1 Rxe3 18. fxe3 Qg5 19. Qf4 Qe7 20. Rxd7 1-0

[Event "Oberliga Sued W 2122"]
[Site "Germany"]
[Date "2021.11.14"]
[Round "2.4"]
[White "Schmidt, Reiner"]
[Black "Uhrig, Christian"]
[Result "0-1"]
[WhiteElo "2142"]
[BlackElo "2055"]
[PlyCount "52"]
[EventDate "2021.10.24"]
[EventType "team-tourn"]
[EventRounds "9"]
[EventCountry "GER"]
[SourceTitle "EXT 2023"]
[Source "ChessBase"]
[SourceDate "2022.10.05"]
[SourceVersion "1"]
[SourceVersionDate "2022.10.05"]
[SourceQuality "1"]
[WhiteTeam "Altenkirchen"]
[BlackTeam "Schwarzenbach"]
[WhiteTeamCountry "GER"]
[BlackTeamCountry "GER"]

1. e4 c5 2. d4 cxd4 3. c3 Nf6 4. e5 Nd5 5. Nf3 Nc6 6. Bc4 Nb6 7. Bb3 d6 8. exd6 Qxd6 9. Na3 a6 10. 0-0 Be6 11. Bxe6 Qxe6 12. Nxd4 Nxd4 13. Qxd4 Rd8 14. Qh4 f6 15. Be3 Nd5 16. Bd4 g5 17. Qh5+ Qf7 18. Qe2 Bg7 19. Bc5 0-0 20. c4 b6 21. Be3 Nxe3 22. Qxe3 Rd6 23. Rad1 Rfd8 24. Rxd6 Rxd6 25. Nc2 Qxc4 26. Qxe7 Bf8 0-1

[Event "Oberliga Sued W 1920"]
[Site "Germany"]
[Date "2020.01.19"]
[Round "5.7"]
[White "Bastian, Martin"]
[Black "Schmidt, Reiner"]
[Result "0-1"]
[WhiteElo "2095"]
[BlackElo "2146"]
[PlyCount "50"]
[EventDate "2019.09.29"]
[EventType "team-tourn"]
[EventRounds "9"]
[EventCountry "GER"]
[SourceTitle "EXT 2021"]
[Source "ChessBase"]
[SourceDate "2020.10.23"]
[SourceVersion "1"]
[SourceVersionDate "2020.10.23"]
[SourceQuality "1"]

1. e4 e6 2. d4 d5 3. e5 c5 4. c3 Nc6 5. Nf3 Qb6 6. a3 Nh6 7. b4 cxd4 8. cxd4 Nf5 9. Bb2 Bd7 10. Be2 Rc8 11. 0-0 Be7 12. Qd2 0-0 13. Rd1 f6 14. g4 fxe5 15. gxf5 Rxf5 16. Rf1 Rcf8 17. Qe3 exd4 18. Nxd4 Re5 19. Qd3 Rg5+ 20. Kh1 e5 21. Nxc6 Bxc6 22. b5 Rxf2 23. Nc3 e4 24. Qh3 Bd7 25. Qxd7 Rxh2+ 0-1

[Event "Oberliga Sued W 1718"]
[Site "Germany"]
[Date "2018.04.15"]
[Round "11.6"]
[White "Schmidt, Reiner"]
[Black "Forthoffer, Patrick"]
[Result "0-1"]
[WhiteElo "2192"]
[BlackElo "2188"]
[PlyCount "74"]
[EventDate "2017.09.10"]
[EventType "team-tourn"]
[EventRounds "11"]
[EventCountry "GER"]
[SourceTitle "EXT 2019"]
[Source "ChessBase"]
[SourceDate "2018.10.10"]
[SourceVersion "1"]
[SourceVersionDate "2018.10.10"]
[SourceQuality "1"]
[WhiteTeam "Altenkirchen"]
[BlackTeam "Saarbruecken Gambit"]
[WhiteTeamCountry "GER"]
[BlackTeamCountry "GER"]

1. e4 d6 2. d4 Nf6 3. Nc3 Nc6 4. Nf3 g6 5. Bg5 Bg7 6. Qd2 Bg4 7. 0-0-0 a6 8. Be2 0-0 9. Bh6 e5 10. Bxg7 Kxg7 11. dxe5 dxe5 12. Qe3 Qe8 13. h3 Bxf3 14. Bxf3 Nd4 15. g4 Rd8 16. h4 c6 17. h5 Qe7 18. hxg6 fxg6 19. g5 Nd7 20. Bg4 Nc5 21. Ne2 Nxe2+ 22. Bxe2 Ne6 23. Rhg1 Rxd1+ 24. Bxd1 Rd8 25. c3 Nf4 26. Be2 Rd7 27. Kc2 c5 28. Rd1 Rxd1 29. Bxd1 b6 30. Be2 a5 31. Bf1 Qxg5 32. b4 Qe7 33. bxa5 bxa5 34. Qd2 h5 35. c4 h4 36. Qxa5 h3 37. Qa3 h2 0-1

[Event "Oberliga Sued W 1718"]
[Site "Germany"]
[Date "2017.10.22"]
[Round "3.6"]
[White "Lang, Matthias"]
[Black "Schmidt, Reiner"]
[Result "1/2-1/2"]
[WhiteElo "2158"]
[BlackElo "2192"]
[PlyCount "89"]
[EventDate "2017.09.10"]
[EventType "team-tourn"]
[EventRounds "11"]
[EventCountry "GER"]
[SourceTitle "EXT 2019"]
[Source "ChessBase"]
[SourceDate "2018.10.10"]
[SourceVersion "1"]
[SourceVersionDate "2018.10.10"]
[SourceQuality "1"]
[WhiteTeam "Landau"]
[BlackTeam "Altenkirchen"]
[WhiteTeamCountry "GER"]
[BlackTeamCountry "GER"]

1. d4 Nf6 2. Nf3 g6 3. Bg5 Bg7 4. Nbd2 d5 5. e3 0-0 6. Bd3 c5 7. c3 b6 8. 0-0 Bb7 9. Qb1 Nc6 10. b4 c4 11. Bc2 b5 12. a4 a6 13. e4 Ne8 14. exd5 Qxd5 15. Ne4 Nd6 16. Nc5 Bc8 17. axb5 Nxb5 18. Be4 Qd6 19. Qc1 Ra7 20. Bf4 Nxc3 21. Qxc3 Nxd4 22. Nxd4 Qxf4 23. Qxc4 Rc7 24. Rac1 Rd8 25. Nc6 Rd6 26. Nd3 Qg5 27. Nxe7+ Rxe7 28. Qxc8+ Bf8 29. Nc5 Qe5 30. Bc6 Qd4 31. Nxa6 Rd8 32. Qh3 Re2 33. Qc3 Qh4 34. g3 Qg5 35. b5 Bg7 36. Qc5 Qd2 37. Rcd1 Qxd1 38. Rxd1 Rxd1+ 39. Kg2 Bd4 40. Qd5 Rxf2+ 41. Kh3 Rdd2 42. Qh1 h5 43. Bf3 Kg7 44. Bxh5 gxh5 45. Nc7 1/2-1/2

[Event "Oberliga Sued W 1718"]
[Site "Germany"]
[Date "2017.09.10"]
[Round "1.7"]
[White "Schmidt, Reiner"]
[Black "Schaefer, Jochen"]
[Result "1-0"]
[WhiteElo "2192"]
[BlackElo "2133"]
[PlyCount "83"]
[EventDate "2017.09.10"]
[EventType "team-tourn"]
[EventRounds "11"]
[EventCountry "GER"]
[SourceTitle "EXT 2019"]
[Source "ChessBase"]
[SourceDate "2018.10.10"]
[SourceVersion "1"]
[SourceVersionDate "2018.10.10"]
[SourceQuality "1"]
[WhiteTeam "Altenkirchen"]
[BlackTeam "Heimbach Weis/Neuwied"]
[WhiteTeamCountry "GER"]
[BlackTeamCountry "GER"]

1. e4 e5 2. Nf3 d6 3. d4 Nd7 4. Bc4 Be7 5. Nc3 c6 6. a4 Ngf6 7. a5 0-0 8. 0-0 Rb8 9. Re1 b5 10. axb6 axb6 11. Bf1 b5 12. d5 Bb7 13. dxc6 Bxc6 14. Ra6 Qc8 15. Ra7 Rb7 16. Ra1 Nc5 17. Bg5 Ncxe4 18. Nxe4 Nxe4 19. Bxe7 Rxe7 20. Bd3 Nf6 21. Nd4 Qb7 22. Nf5 Re6 23. Nxd6 Rxd6 24. Bxh7+ Nxh7 25. Qxd6 f6 26. Qe6+ Rf7 27. Red1 Bd7 28. Qb3 Ng5 29. Rd6 Ne4 30. Rda6 g6 31. Qb4 Qd5 32. Re1 f5 33. Rxg6+ Rg7 34. Rxg7+ Kxg7 35. Qe7+ Kg6 36. h4 Bc6 37. Re3 f4 38. Rd3 Qc4 39. Qxe5 Qxc2 40. h5+ Kh7 41. Qf5+ Kg7 42. h6+ 1-0

[Event "Oberliga Sued W 1617"]
[Site "Germany"]
[Date "2017.02.19"]
[Round "6.5"]
[White "Spielmann, Alain"]
[Black "Schmidt, Reiner"]
[Result "1/2-1/2"]
[WhiteElo "2226"]
[BlackElo "2177"]
[PlyCount "41"]
[EventDate "2016.09.25"]
[EventType "team-tourn"]
[EventRounds "9"]
[EventCountry "GER"]
[SourceTitle "EXT 2018"]
[Source "ChessBase"]
[SourceDate "2017.10.13"]
[SourceVersion "1"]
[SourceVersionDate "2017.10.13"]
[SourceQuality "1"]
[WhiteTeam "Saarbruecken SVG"]
[BlackTeam "Altenkirchen"]
[WhiteTeamCountry "GER"]
[BlackTeamCountry "GER"]

1. d4 Nf6 2. Nf3 g6 3. Bg5 Ne4 4. Bh4 c5 5. Nbd2 d5 6. e3 Qb6 7. dxc5 Qxc5 8. Nb3 Qd6 9. Qd4 Rg8 10. 0-0-0 Be6 11. Qa4+ Bd7 12. Bb5 a6 13. Bxd7+ Nxd7 14. Bg3 Qc6 15. Qxc6 bxc6 16. c4 e6 17. Nfd2 Nxg3 18. hxg3 h5 19. Kb1 Ne5 20. cxd5 cxd5 21. Nf3 1/2-1/2

[Event "Oberliga Sued W 1617"]
[Site "Germany"]
[Date "2016.12.04"]
[Round "4.6"]
[White "Schmidt, Reiner"]
[Black "Brueckner, Eike"]
[Result "1-0"]
[WhiteElo "2177"]
[BlackElo "2115"]
[PlyCount "75"]
[EventDate "2016.09.25"]
[EventType "team-tourn"]
[EventRounds "9"]
[EventCountry "GER"]
[SourceTitle "EXT 2018"]
[Source "ChessBase"]
[SourceDate "2017.10.13"]
[SourceVersion "1"]
[SourceVersionDate "2017.10.13"]
[SourceQuality "1"]
[WhiteTeam "Altenkirchen"]
[BlackTeam "Gau Algesheim"]
[WhiteTeamCountry "GER"]
[BlackTeamCountry "GER"]

1. e4 c5 2. d4 cxd4 3. c3 d3 4. Bxd3 Nc6 5. c4 d6 6. h3 e6 7. Nf3 Be7 8. 0-0 Nf6 9. Nc3 0-0 10. Bf4 Nd7 11. Rc1 b6 12. Bb1 Nde5 13. b3 Bb7 14. Be3 Nxf3+ 15. Qxf3 Bf6 16. Rfd1 Be5 17. Nb5 Qe7 18. Qe2 a6 19. f4 Bxf4 20. Bxf4 e5 21. Be3 axb5 22. cxb5 Nd4 23. Bxd4 exd4 24. Rxd4 Rfe8 25. Qd2 Qe5 26. a4 Rad8 27. b4 Re6 28. Ba2 Rf6 29. Bd5 Bxd5 30. exd5 Re8 31. a5 h6 32. a6 Qh5 33. Re1 Rc8 34. Rde4 Qf5 35. Re8+ Rxe8 36. Rxe8+ Kh7 37. Qe1 g6 38. a7 1-0

[Event "Liechtenstein op 25th"]
[Site "Triesen"]
[Date "2007.05.17"]
[Round "7"]
[White "Van der Weide, Karel"]
[Black "Schmidt, Reiner"]
[Result "1-0"]
[WhiteElo "2502"]
[BlackElo "2183"]
[PlyCount "59"]
[EventDate "2007.05.11"]
[EventType "swiss"]
[EventRounds "9"]
[EventCountry "LIE"]
[SourceTitle "CBM 118 Extra"]
[Source "ChessBase"]
[SourceDate "2007.07.04"]
[SourceVersion "1"]
[SourceVersionDate "2007.07.04"]
[SourceQuality "1"]

1. e4 e6 2. d4 d5 3. Nc3 Bb4 4. e5 Ne7 5. a3 Bxc3+ 6. bxc3 c5 7. Nf3 Nbc6 8. Be2 Qa5 9. Bd2 Bd7 10. 0-0 f6 11. c4 Qc7 12. cxd5 Nxd5 13. c4 Nde7 14. exf6 gxf6 15. Bc3 cxd4 16. Nxd4 Nxd4 17. Qxd4 e5 18. Qe3 0-0 19. f4 Ng6 20. fxe5 fxe5 21. Bd3 Rae8 22. h4 Bc6 23. Rxf8+ Nxf8 24. Rf1 Qg7 25. Be4 Bxe4 26. Qxe4 Ng6 27. h5 Nf8 28. Qd5+ Kh8 29. h6 Qe7 30. Bxe5+ 1-0

[Event "Liechtenstein op 25th"]
[Site "Triesen"]
[Date "2007.05.13"]
[Round "3"]
[White "Ferk, Martin"]
[Black "Schmidt, Reiner"]
[Result "0-1"]
[WhiteElo "2007"]
[BlackElo "2183"]
[PlyCount "66"]
[EventDate "2007.05.11"]
[EventType "swiss"]
[EventRounds "9"]
[EventCountry "LIE"]
[SourceTitle "CBM 118 Extra"]
[Source "ChessBase"]
[SourceDate "2007.07.04"]
[SourceVersion "1"]
[SourceVersionDate "2007.07.04"]
[SourceQuality "1"]

1. d4 Nf6 2. c4 g6 3. Nc3 Bg7 4. e4 d6 5. Nf3 0-0 6. Be2 e5 7. 0-0 Nc6 8. d5 Ne7 9. Ne1 Ne8 10. Be3 f5 11. f3 f4 12. Bf2 g5 13. Nd3 Ng6 14. c5 Rf7 15. Rc1 Bf8 16. cxd6 cxd6 17. Qb3 h5 18. Rc2 g4 19. Rfc1 g3 20. hxg3 fxg3 21. Bxg3 Bh6 22. Rf1 Rg7 23. Bf2 Bh3 24. Rd1 Bxg2 25. Kxg2 Nh4+ 26. Kh1 Qd7 27. Bf1 Nxf3 28. Ne2 Qg4 29. Qa4 Be3 30. Bg3 Nd4 31. Nxe5 dxe5 32. Rxd4 Bxd4 33. Bg2 h4 0-1

[Event "GER-ch 76th"]
[Site "Altenkirchen"]
[Date "2005.02.22"]
[Round "5"]
[White "Schmidt, Reiner"]
[Black "Schinke, Andreas"]
[Result "1/2-1/2"]
[WhiteElo "2183"]
[BlackElo "2191"]
[PlyCount "96"]
[EventDate "2005.02.18"]
[EventType "swiss"]
[EventRounds "9"]
[EventCountry "GER"]
[SourceTitle "CBM 106"]
[Source "ChessBase"]
[SourceDate "2005.06.06"]
[SourceVersion "1"]
[SourceVersionDate "2005.06.06"]
[SourceQuality "1"]

1. d4 Nf6 2. c4 g6 3. Nc3 d5 4. cxd5 Nxd5 5. e4 Nxc3 6. bxc3 Bg7 7. Bc4 0-0 8. Ne2 c5 9. 0-0 Nc6 10. Be3 Qc7 11. Rc1 Rd8 12. Bf4 Qd7 13. dxc5 Qe8 14. Qc2 Ne5 15. Bxe5 Bxe5 16. f4 Bg7 17. f5 e6 18. fxg6 hxg6 19. Rcd1 Rxd1 20. Qxd1 Bd7 21. Qd6 Bb5 22. Bxb5 Qxb5 23. Nd4 Qc4 24. e5 Rf8 25. c6 bxc6 26. Qxc6 Qxa2 27. c4 Qa3 28. Re1 Qc3 29. Nf3 Rb8 30. Qc7 Rb2 31. Rf1 Qe3+ 32. Kh1 Qe2 33. Rg1 Qf2 34. c5 Rc2 35. Qxa7 Rxc5 36. Rd1 Rc2 37. Qxf2 Rxf2 38. Kg1 Re2 39. Kf1 Re4 40. Rd8+ Bf8 41. Rd7 Rf4 42. Ke2 Bh6 43. Rd4 Rxd4 44. Nxd4 Bf4 45. Nf3 Kg7 46. Kd3 Kh6 47. Ke4 Bc1 48. g4 Ba3 1/2-1/2

[Event "Soemmerda op"]
[Site "Soemmerda"]
[Date "2002.??.??"]
[Round "5"]
[White "Schmidt, Reiner"]
[Black "Bergmann, Andy"]
[Result "0-1"]
[WhiteElo "2174"]
[BlackElo "2149"]
[PlyCount "56"]
[EventDate "2002.??.??"]
[EventType "swiss"]
[EventRounds "7"]
[EventCountry "GER"]
[SourceTitle "EXT 2003"]
[Source "ChessBase"]
[SourceDate "2002.11.25"]
[SourceVersion "1"]
[SourceVersionDate "2002.11.25"]
[SourceQuality "1"]

1. e4 d6 2. d4 g6 3. Nc3 Bg7 4. Bd3 c6 5. Be3 b5 6. a3 a6 7. Qd2 Nd7 8. Nge2 Bb7 9. f4 c5 10. dxc5 Nxc5 11. 0-0 Nxd3 12. cxd3 Nf6 13. h3 0-0 14. f5 Nd7 15. d4 Nb6 16. b3 a5 17. Nxb5 Bxe4 18. Ng3 Bd5 19. Rab1 a4 20. bxa4 Nc4 21. Qd3 Nxe3 22. Qxe3 Rxa4 23. Rfe1 e6 24. fxe6 fxe6 25. Ne4 Qh4 26. Nec3 Rxa3 27. g4 Bh6 28. Qd3 Qf2# 0-1

[Event "GER-ch 71st"]
[Site "Altenkirchen"]
[Date "1999.11.17"]
[Round "6"]
[White "Gutman, Lev"]
[Black "Schmidt, Reiner"]
[Result "1-0"]
[WhiteElo "2471"]
[BlackElo "2144"]
[PlyCount "75"]
[EventDate "1999.11.12"]
[EventType "swiss"]
[EventRounds "9"]
[EventCountry "GER"]
[SourceTitle "CBM 074"]
[Source "ChessBase"]
[SourceDate "2000.02.01"]
[SourceVersion "1"]
[SourceVersionDate "2000.02.01"]
[SourceQuality "1"]

1. Nf3 g6 2. g3 Bg7 3. d4 Nf6 4. Bg2 0-0 5. 0-0 d6 6. a4 Nc6 7. a5 a6 8. d5 Nb8 9. Nd4 e5 10. dxe6 fxe6 11. b4 d5 12. c3 c5 13. bxc5 e5 14. Nc2 Nc6 15. Nb4 Be6 16. Nd2 Qd7 17. e4 Rad8 18. Nxd5 Nxd5 19. exd5 Bxd5 20. Ne4 Qc7 21. Qa4 Kh8 22. Bg5 Ne7 23. Qb4 Rd7 24. Qb6 Rc8 25. Nd6 Qxb6 26. cxb6 Bxg2 27. Kxg2 Rc5 28. Bxe7 Rxe7 29. Ne4 Rc8 30. Rfd1 Bf8 31. Rd5 Kg7 32. Rad1 Rb8 33. Rc5 Kg8 34. Rdd5 Re6 35. Rc7 Be7 36. Rdd7 Kf8 37. Rxb7 Rxb7 38. Rxb7 1-0

[Event "GER-ch 71st"]
[Site "Altenkirchen"]
[Date "1999.11.15"]
[Round "4"]
[White "Heinemann, Thies"]
[Black "Schmidt, Reiner"]
[Result "1-0"]
[WhiteElo "2489"]
[BlackElo "2144"]
[PlyCount "117"]
[EventDate "1999.11.12"]
[EventType "swiss"]
[EventRounds "9"]
[EventCountry "GER"]
[SourceTitle "CBM 074"]
[Source "ChessBase"]
[SourceDate "2000.02.01"]
[SourceVersion "1"]
[SourceVersionDate "2000.02.01"]
[SourceQuality "1"]

1. e4 e6 2. d4 d5 3. Nd2 Nf6 4. e5 Ne4 5. Bd3 Nxd2 6. Bxd2 c5 7. dxc5 Nd7 8. Nf3 Nxc5 9. Qe2 Bd7 10. 0-0 Nxd3 11. Qxd3 Qb6 12. Be3 Qa5 13. Rfe1 Be7 14. Bd4 Rc8 15. c3 a6 16. Qe3 Qb5 17. Re2 Qa4 18. a3 Bb5 19. Rd2 Qb3 20. Ba7 0-0 21. Nd4 Qc4 22. Bb6 Bc5 23. Bxc5 Qxc5 24. Re1 Bd7 25. f4 f5 26. exf6 Rxf6 27. g3 b5 28. Nf3 Qd6 29. Ng5 Qc6 30. Qd3 g6 31. Nf3 Re8 32. Qd4 Rff8 33. Ne5 Qc7 34. Ng4 h5 35. Nf6+ Kf7 36. Nxe8 Rxe8 37. Re5 Re7 38. Rde2 Qc4 39. Kg2 Bc6 40. h3 Re8 41. g4 hxg4 42. hxg4 Bd7 43. Qxc4 bxc4 44. Kg3 Ba4 45. f5 exf5 46. Rxe8 Bxe8 47. gxf5 gxf5 48. Re5 Bc6 49. Kf4 Kf6 50. Rxf5+ Ke6 51. Rh5 Kd6 52. Rh6+ Kc5 53. Ke5 Bb7 54. Rh7 Bc6 55. Rc7 Kb6 56. Kd6 Bb5 57. Rc5 Ka5 58. Kxd5 Ka4 59. Rxc4+ 1-0

[Event "GER-ch 71st"]
[Site "Altenkirchen"]
[Date "1999.11.14"]
[Round "3"]
[White "Schmidt, Reiner"]
[Black "Osieka, Udo"]
[Result "1-0"]
[WhiteElo "2144"]
[BlackElo "2342"]
[PlyCount "47"]
[EventDate "1999.11.12"]
[EventType "swiss"]
[EventRounds "9"]
[EventCountry "GER"]
[SourceTitle "CBM 074"]
[Source "ChessBase"]
[SourceDate "2000.02.01"]
[SourceVersion "1"]
[SourceVersionDate "2000.02.01"]
[SourceQuality "1"]

1. d4 Nf6 2. Nf3 e6 3. e3 c5 4. Bd3 Nc6 5. 0-0 d5 6. b3 Nb4 7. Be2 Bd6 8. Bb2 0-0 9. a3 Nc6 10. Ne5 Qc7 11. f4 Rd8 12. Bd3 Ne8 13. Rf3 cxd4 14. exd4 f6 15. Bxh7+ Kxh7 16. Rh3+ Kg8 17. Ng6 e5 18. Rh8+ Kf7 19. Qh5 Ke6 20. Qh3+ Kf7 21. f5 exd4 22. Qh5 Bxh2+ 23. Kh1 Nd6 24. Nf4+ 1-0

[Event "GER-ch 71st"]
[Site "Altenkirchen"]
[Date "1999.11.12"]
[Round "1"]
[White "Jugelt, Tobias"]
[Black "Schmidt, Reiner"]
[Result "1-0"]
[WhiteElo "2401"]
[BlackElo "2144"]
[PlyCount "67"]
[EventDate "1999.11.12"]
[EventType "swiss"]
[EventRounds "9"]
[EventCountry "GER"]
[SourceTitle "CBM 074"]
[Source "ChessBase"]
[SourceDate "2000.02.01"]
[SourceVersion "1"]
[SourceVersionDate "2000.02.01"]
[SourceQuality "1"]

1. d4 Nf6 2. c4 g6 3. Nc3 Bg7 4. g3 0-0 5. Bg2 d6 6. Nf3 Nc6 7. 0-0 a6 8. Qc2 Bg4 9. Rd1 Qc8 10. d5 Na5 11. Qa4 b6 12. Nd4 Bd7 13. Qb4 Nb7 14. Nc6 Qe8 15. Nd4 Nc5 16. Qa3 e5 17. dxe6 fxe6 18. b4 e5 19. Nc2 Ne6 20. Bxa8 Qxa8 21. Nd5 Nxd5 22. Rxd5 Bc6 23. Rd1 Qe8 24. Be3 Qf7 25. Rf1 Qf5 26. Qb3 Qh3 27. f3 e4 28. f4 Bxa1 29. Rxa1 Rf5 30. Rf1 g5 31. Rf2 d5 32. cxd5 Bxd5 33. Qa4 gxf4 34. gxf4 1-0

[Event "RLP-chT 9899"]
[Site "Germany"]
[Date "1999.02.21"]
[Round "7.1"]
[White "Mayer, Frank"]
[Black "Schmidt, Reiner"]
[Result "1-0"]
[WhiteElo "2275"]
[BlackElo "2170"]
[PlyCount "61"]
[EventDate "1998.??.??"]
[EventType "team"]
[EventRounds "9"]
[EventCountry "GER"]
[SourceTitle "EXT 2002"]
[Source "ChessBase"]
[SourceDate "2001.11.25"]
[SourceVersion "1"]
[SourceVersionDate "2001.11.25"]
[SourceQuality "1"]

1. c4 g6 2. Nc3 Bg7 3. d4 Nf6 4. e4 d6 5. Be2 0-0 6. Bg5 Na6 7. Qd2 c5 8. Nf3 Bg4 9. d5 Qa5 10. 0-0 Nc7 11. Rfe1 a6 12. e5 Bxf3 13. Bxf3 dxe5 14. Rxe5 Nfxd5 15. Rxd5 Nxd5 16. Nxd5 Qxd2 17. Nxe7+ Kh8 18. Bxd2 Bxb2 19. Rb1 Bf6 20. Nd5 Bd4 21. Rxb7 Rab8 22. Rb3 a5 23. Bf4 Rxb3 24. axb3 Kg7 25. Kf1 f6 26. Nc7 Kf7 27. Bd6 Rc8 28. Bb7 Rh8 29. Bd5+ Kg7 30. Ne6+ Kh6 31. Bf8+ 1-0

[Event "RLP-chT 9899"]
[Site "Germany"]
[Date "1998.11.22"]
[Round "3.1"]
[White "Schmidt, Reiner"]
[Black "Lambert, Andreas"]
[Result "1/2-1/2"]
[WhiteElo "2170"]
[BlackElo "2270"]
[PlyCount "78"]
[EventDate "1998.??.??"]
[EventType "team"]
[EventRounds "9"]
[EventCountry "GER"]
[SourceTitle "EXT 2001"]
[Source "ChessBase"]
[SourceDate "2000.11.22"]
[SourceVersion "1"]
[SourceVersionDate "2000.11.22"]
[SourceQuality "1"]

1. d4 Nf6 2. c4 e6 3. Nc3 Bb4 4. e3 c5 5. Nf3 0-0 6. Bd3 Nc6 7. 0-0 Bxc3 8. bxc3 d6 9. Nd2 e5 10. d5 Ne7 11. Qc2 Ng6 12. Rb1 Qe7 13. f4 Ng4 14. Nf3 f5 15. Ng5 exf4 16. exf4 Ne3 17. Bxe3 Qxe3+ 18. Rf2 Nxf4 19. Bf1 Nxd5 20. Nxh7 Nxc3 21. Nxf8 Nxb1 22. Qxb1 Kxf8 23. g4 Kg8 24. gxf5 Qg5+ 25. Bg2 Bd7 26. Qxb7 Re8 27. Qxd7 Re1+ 28. Rf1 Qe3+ 29. Kh1 Rxf1+ 30. Bxf1 Qf3+ 31. Kg1 Qe3+ 32. Kh1 Qf3+ 33. Kg1 Qe3+ 34. Kg2 Qe4+ 35. Kf2 Qf4+ 36. Ke1 Qc1+ 37. Kf2 Qf4+ 38. Ke1 Qc1+ 39. Kf2 Qf4+ 1/2-1/2

[Event "Oberliga Sued W 9798"]
[Site "Germany"]
[Date "1998.??.??"]
[Round "?"]
[White "Schmidt, Reiner"]
[Black "Scheske, Andreas"]
[Result "0-1"]
[WhiteElo "2175"]
[BlackElo "2030"]
[PlyCount "66"]
[EventDate "1997.10.??"]
[EventType "team"]
[EventRounds "9"]
[EventCountry "GER"]
[SourceTitle "EXT 2000"]
[Source "ChessBase"]
[SourceDate "1999.11.16"]
[SourceVersion "1"]
[SourceVersionDate "1999.11.16"]
[SourceQuality "1"]

1. d4 g6 2. c4 Bg7 3. Nc3 d6 4. e4 Nf6 5. Be2 0-0 6. Nf3 Bg4 7. Be3 Nfd7 8. Ng1 Bxe2 9. Ngxe2 c5 10. d5 Na6 11. 0-0 Rb8 12. Nb5 Nc7 13. Nec3 a6 14. Nxc7 Qxc7 15. a4 Qa5 16. Ne2 Bxb2 17. Bd2 Qc7 18. Bh6 Bxa1 19. Qxa1 f6 20. Bxf8 Kxf8 21. Nf4 Qa5 22. Qa3 Kg8 23. Qh3 Nf8 24. Ne6 Qxa4 25. Nxf8 Rxf8 26. Qe6+ Rf7 27. e5 fxe5 28. f4 Qxc4 29. f5 Kg7 30. f6+ exf6 31. Qxd6 Qd4+ 32. Kh1 e4 33. h4 e3 0-1

[Event "Bern op"]
[Site "Bern"]
[Date "1996.??.??"]
[Round "7"]
[White "Breyther, Ruediger"]
[Black "Schmidt, Reiner"]
[Result "1-0"]
[WhiteElo "2420"]
[BlackElo "2175"]
[PlyCount "79"]
[EventDate "1996.02.??"]
[EventType "swiss"]
[EventRounds "9"]
[EventCountry "SUI"]
[SourceTitle "CBM 051 Extra"]
[Source "ChessBase"]
[SourceDate "1996.05.01"]
[SourceVersion "1"]
[SourceVersionDate "1996.05.01"]
[SourceQuality "1"]

1. e4 e6 2. d4 d5 3. Nd2 Nf6 4. e5 Nfd7 5. c3 c5 6. Bd3 Nc6 7. Ne2 cxd4 8. cxd4 Qb6 9. Nf3 f6 10. exf6 Nxf6 11. 0-0 Bd6 12. Nc3 Bd7 13. Re1 0-0 14. Bg5 Rae8 15. a3 Kh8 16. Bc2 Ne7 17. Qd3 g6 18. Bh6 Ng4 19. Bxf8 Rxf8 20. Nd1 Nc6 21. h3 Nf6 22. Nc3 Bc8 23. b4 Nh5 24. Ne2 Qc7 25. Ba4 Nd8 26. Rac1 Qb8 27. Ne5 Nf7 28. f4 Nh6 29. Rf1 Nf6 30. Ng3 a6 31. Rc3 b5 32. Bc2 Qa7 33. Rc6 Qe7 34. Qe3 Bb7 35. Rc3 Nf7 36. Bb1 Ne8 37. Ne2 Nc7 38. g4 Na8 39. Qd3 Nb6 40. Nxg6+ 1-0

[Event "RL-chA"]
[Site "Polch"]
[Date "1993.??.??"]
[Round "?"]
[White "Kessler, Andreas"]
[Black "Schmidt, Reiner"]
[Result "1/2-1/2"]
[WhiteElo "2150"]
[BlackElo "2100"]
[PlyCount "27"]
[EventDate "1993.??.??"]
[EventType "tourn"]
[EventRounds "11"]
[EventCountry "GER"]
[SourceTitle "EXT 2000"]
[Source "ChessBase"]
[SourceDate "1999.11.16"]
[SourceVersion "1"]
[SourceVersionDate "1999.11.16"]
[SourceQuality "1"]

1. f4 g6 2. Nf3 Bg7 3. e4 d6 4. d4 Nf6 5. Bd3 0-0 6. Qe2 Bg4 7. e5 Nfd7 8. h3 Bxf3 9. Qxf3 Nc6 10. c3 e6 11. exd6 cxd6 12. 0-0 e5 13. d5 Ne7 14. f5 1/2-1/2